000 00894nab a22001937a 4500
999 _c5777
_d5777
003 OSt
005 20260105221836.0
008 190514b xxu||||| |||| 00| 0 spa d
040 _cPJ
100 _96678
_aPortillo, Claudia E.
245 1 0 _a“Que sepa coser, que sepa bordar, que sepa abrir la puerta para ir a jugar...” :
_bel deber de contribución y el impacto del trabajo doméstico y de cuidado /
_cClaudia E. Portillo.
300 _ap. 29-42
505 _aSumario: I. Introducción.— II. Familias y cuidado.— III. Cuidados y deber de contribución.— IV. A modo de conclusión
505 _tSi te interesa el texto, comunicate a koha@justierradelfuego.gov.ar
650 0 _9967
_aDERECHO DE FAMILIA
650 0 _aCODIGO CIVIL Y COMERCIAL
_91497
773 0 _02844
_93222
_dBuenos Aires : AbeledoPerrot, 1989-
_tDerecho de familia. N° 115 - Julio 2024
_z18511201
942 _2udc
_cANA